[Event "44. Torneo Capablanca In Memoriam Open"]
[Site "La Habana CUB"]
[Date "2009.06.16"]
[Round "8.4"]
[White "Real de Azua, Ernesto"]
[Black "Hevia Alejano, Carlos A"]
[Result "0-1"]
[WhiteElo "2445"]
[BlackElo "2332"]
[PlyCount "120"]
[EventDate "2009.06.08"]
[EventType "swiss"]
[EventRounds "9"]
[EventCountry "CUB"]
[Source "lmi"]
[SourceDate "2009.06.08"]

1. e4 c5 2. Nf3 d6 3. d4 cxd4 4. Nxd4 Nf6 5. Nc3 a6 6. Bc4 e6 7. Bb3 Be7 8. g4
h6 9. Rg1 Nc6 10. Be3 Bd7 11. h4 Nh7 12. h5 Bg5 13. Rg3 Bh4 14. Rg2 Bf6 15. Qd3
Be5 16. Nf3 Bxc3+ 17. Qxc3 Qf6 18. Qxf6 Nxf6 19. Nd2 Na5 20. O-O-O Rc8 21. f3
Ke7 22. Bb6 Nxb3+ 23. Nxb3 Ba4 24. Na5 Nd7 25. Be3 Bc6 26. Bd4 f6 27. Re2 b6
28. Nxc6+ Rxc6 29. b3 b5 30. Kb2 Rhc8 31. Kb1 a5 32. Bb2 Nb6 33. f4 Rd8 34. g5
hxg5 35. fxg5 e5 36. Rg1 Rh8 37. gxf6+ gxf6 38. Rh2 d5 39. Rg7+ Ke6 40. exd5+
Nxd5 41. h6 Rc7 42. c4 bxc4 43. Rxc7 Nxc7 44. bxc4 Kf7 45. Kc2 Ne6 46. Kd3 Nc5+
47. Ke2 Kg6 48. Bc1 Ne6 49. Rg2+ Kh7 50. Rg3 Rc8 51. Rc3 f5 52. Bb2 Kxh6 53.
Rh3+ Kg5 54. Bxe5 Rxc4 55. Kd2 f4 56. Bb2 Re4 57. Rh8 f3 58. Rg8+ Kf4 59. Bc1
f2 60. Kd3+ Kf3 0-1

[Event "44. Torneo Capablanca In Memoriam Open"]
[Site "La Habana CUB"]
[Date "2009.06.16"]
[Round "8.5"]
[White "Arencibia Rodriguez, Walter"]
[Black "Jimenez, Pedro A"]
[Result "0-1"]
[WhiteElo "2519"]
[BlackElo "2383"]
[PlyCount "70"]
[EventDate "2009.06.08"]
[EventType "swiss"]
[EventRounds "9"]
[EventCountry "CUB"]
[Source "lmi"]
[SourceDate "2009.06.08"]

1. d4 Nf6 2. c4 g6 3. Nc3 Bg7 4. e4 d6 5. Nf3 O-O 6. Be2 Bg4 7. Be3 Nfd7 8. Qd2
e5 9. d5 Qe7 10. h4 c5 11. O-O-O Na6 12. h5 Bxh5 13. Nh4 Bxe2 14. Qxe2 Nc7 15.
g4 b5 16. Rdg1 Rfb8 17. cxb5 Rb7 18. f3 Nf8 19. Rh3 Qd7 20. Nf5 Nxb5 21. Nxb5
gxf5 22. Nxd6 Qxd6 23. gxf5 c4 24. Bh6 Ng6 25. Bxg7 c3 26. fxg6 fxg6 27. Bxe5
cxb2+ 28. Kb1 Qxe5 29. Qc4 Rc7 30. Qb3 Rc1+ 31. Rxc1 bxc1=Q+ 32. Kxc1 Rb8 33.
Qc4 Qb2+ 34. Kd1 Qg2 35. d6+ Kf8 0-1

[Event "44. Torneo Capablanca In Memoriam Open"]
[Site "La Habana CUB"]
[Date "2009.06.16"]
[Round "8.6"]
[White "Rasmussen, Karsten"]
[Black "Quesada Perez, Yasser"]
[Result "1/2-1/2"]
[WhiteElo "2447"]
[BlackElo "2402"]
[PlyCount "78"]
[EventDate "2009.06.08"]
[EventType "swiss"]
[EventRounds "9"]
[EventCountry "CUB"]
[Source "lmi"]
[SourceDate "2009.06.08"]

1. Nf3 Nf6 2. c4 c6 3. d4 d5 4. e3 g6 5. Nc3 Bg7 6. Be2 O-O 7. O-O dxc4 8. Bxc4
Bg4 9. h3 Bxf3 10. Qxf3 Nbd7 11. Rd1 Qc7 12. e4 e5 13. d5 Nb6 14. Bb3 cxd5 15.
exd5 Ne8 16. Be3 Nd6 17. Rac1 Qd7 18. Bc5 Nbc8 19. Ne4 Rd8 20. Nf6+ Bxf6 21.
Qxf6 Ne4 22. Qxe5 Nxc5 23. Rxc5 Nd6 24. Qd4 Rac8 25. Rxc8 Nxc8 26. d6 Qf5 27.
g4 Qg5 28. Qe4 Qf6 29. d7 Nd6 30. Rxd6 Qxd6 31. Qe8+ Qf8 32. Bxf7+ Kg7 33. b4
g5 34. a4 b6 35. Kg2 Qxf7 36. Qxd8 Qd5+ 37. Kg3 Qd3+ 38. Kg2 Qd5+ 39. Kg1 Qd1+
1/2-1/2

[Event "44. Torneo Capablanca In Memoriam Open"]
[Site "La Habana CUB"]
[Date "2009.06.16"]
[Round "8.7"]
[White "Otero, Diasmany"]
[Black "Borges Feria, Yasel"]
[Result "0-1"]
[WhiteElo "2431"]
[BlackElo "2400"]
[PlyCount "76"]
[EventDate "2009.06.08"]
[EventType "swiss"]
[EventRounds "9"]
[EventCountry "CUB"]
[Source "lmi"]
[SourceDate "2009.06.08"]

1. d4 Nf6 2. c4 e6 3. Nc3 Bb4 4. e3 O-O 5. Nge2 d5 6. a3 Bd6 7. cxd5 exd5 8. g3
Re8 9. Bg2 c6 10. O-O Na6 11. b4 Nc7 12. f3 a5 13. Rb1 axb4 14. axb4 Bf5 15.
Rb3 Bg6 16. Nf4 Bxf4 17. exf4 Nd7 18. g4 f5 19. Ne2 Nb5 20. Ng3 Qf6 21. Bb2 Nb6
22. g5 Qe6 23. h4 Nc4 24. Bc1 Bf7 25. h5 Ra2 26. Rd3 g6 27. Qb3 Ra1 28. hxg6
hxg6 29. Kf2 Qd6 30. Ne2 Kg7 31. Bb2 Raa8 32. Ra1 Qe7 33. Bf1 Rad8 34. Nc3 Rh8
35. Nxb5 Rh2+ 36. Bg2 Rxg2+ 37. Kxg2 Qe2+ 38. Kg1 Rh8 0-1

[Event "44. Torneo Capablanca In Memoriam Open"]
[Site "La Habana CUB"]
[Date "2009.06.16"]
[Round "8.8"]
[White "Delgado, Hector"]
[Black "Cori Tello, Jorge"]
[Result "1-0"]
[WhiteElo "2385"]
[BlackElo "2418"]
[PlyCount "125"]
[EventDate "2009.06.08"]
[EventType "swiss"]
[EventRounds "9"]
[EventCountry "CUB"]
[Source "lmi"]
[SourceDate "2009.06.08"]

1. e4 e5 2. Nf3 Nc6 3. Bb5 Nf6 4. Bxc6 dxc6 5. d3 Bd6 6. O-O O-O 7. Bg5 Bg4 8.
h3 Bh5 9. g4 Bg6 10. Nbd2 h6 11. Bh4 b5 12. Qe2 Re8 13. a4 a6 14. Ra2 Bh7 15.
Rfa1 g5 16. Bg3 Qc8 17. Nb3 Nd7 18. Qe3 f6 19. Nfd2 Kg7 20. f3 Bg8 21. Kg2 Nf8
22. h4 Ne6 23. h5 Nd4 24. Nxd4 exd4 25. Qxd4 Bxa2 26. Rxa2 Qe6 27. b3 c5 28.
Qf2 Qe7 29. Nf1 Bf4 30. Ne3 Bxe3 31. Qxe3 Red8 32. Ra1 c4 33. e5 Re8 34. Qe4
Qf7 35. axb5 cxb3 36. cxb3 a5 37. Rc1 Rad8 38. Rc6 Rd6 39. Rxc7 Qxc7 40. Qg6+
Kf8 41. Qxh6+ Kg8 42. Qg6+ Kf8 43. exd6 Qc2+ 44. Kh3 Qc1 45. Qxf6+ Kg8 46. Qg6+
Kf8 47. Qf5+ Kg8 48. Qd5+ Kf8 49. Bf2 Qh1+ 50. Kg3 Re1 51. Qxg5 a4 52. bxa4
Rg1+ 53. Kf4 Qh2+ 54. Kf5 Qxd6 55. Bxg1 Qxd3+ 56. Kf4 Qd2+ 57. Be3 Qh2+ 58. Ke4
Qc2+ 59. Kd5 Qd3+ 60. Kc6 Qc4+ 61. Kb7 Qb3 62. Qf6+ Ke8 63. Bc5 1-0

[Event "44. Torneo Capablanca In Memoriam Open"]
[Site "La Habana CUB"]
[Date "2009.06.16"]
[Round "8.9"]
[White "Gallego Alcaraz, Andres Felipe"]
[Black "Prasca Sosa, Raphael"]
[Result "1-0"]
[WhiteElo "2373"]
[BlackElo "2415"]
[PlyCount "71"]
[EventDate "2009.06.08"]
[EventType "swiss"]
[EventRounds "9"]
[EventCountry "CUB"]
[Source "lmi"]
[SourceDate "2009.06.08"]

1. e4 c5 2. Nf3 Nc6 3. d4 cxd4 4. Nxd4 e5 5. Nb5 d6 6. N1c3 a6 7. Na3 b5 8. Nd5
Nge7 9. Bg5 h6 10. Bd2 Nxd5 11. exd5 Nd4 12. c3 Nf5 13. c4 e4 14. cxb5 Be7 15.
Bc4 Bf6 16. Qc2 O-O 17. O-O Re8 18. bxa6 Nd4 19. Qd1 Be5 20. Nc2 Bxh2+ 21. Kxh2
Qh4+ 22. Kg1 Nf3+ 23. gxf3 Re5 24. f4 Bg4 25. fxe5 Bf3 26. Qxf3 exf3 27. Ne3
Qg5+ 28. Kh2 f5 29. Rh1 f4 30. Bf1 fxe3 31. Bxe3 Qxe5+ 32. Kg1 Qf5 33. Rh4 Qg6+
34. Kh1 Rxa6 35. Bh3 Rxa2 36. Rg1 1-0

[Event "44. Torneo Capablanca In Memoriam Open"]
[Site "La Habana CUB"]
[Date "2009.06.16"]
[Round "8.11"]
[White "Vera Gonzalez-Quevedo, Reynaldo"]
[Black "Cori Tello, Deysi Estella"]
[Result "1-0"]
[WhiteElo "2475"]
[BlackElo "2262"]
[PlyCount "79"]
[EventDate "2009.06.08"]
[EventType "swiss"]
[EventRounds "9"]
[EventCountry "CUB"]
[Source "lmi"]
[SourceDate "2009.06.08"]

1. d4 Nf6 2. c4 e6 3. Nc3 Bb4 4. Qc2 d5 5. cxd5 exd5 6. Bg5 O-O 7. e3 c6 8. Bd3
h6 9. Bh4 Be6 10. Nge2 Nbd7 11. O-O Rc8 12. h3 c5 13. dxc5 Nxc5 14. Rfd1 g5 15.
Bg3 Nfe4 16. Be5 Qe7 17. Bxe4 Nxe4 18. Bd4 Rfd8 19. Rac1 Bc5 20. Bxc5 Nxc5 21.
Rd4 Rc6 22. Rcd1 Rdc8 23. Qb1 Ne4 24. Nxe4 dxe4 25. Qxe4 Rc2 26. R4d2 Qc5 27.
Nc3 Rxd2 28. Rxd2 b5 29. a3 a5 30. Rd4 Kg7 31. Qb7 Qf5 32. Qb6 a4 33. Rd6 Rc5
34. Rd8 Qe5 35. Rb8 h5 36. Qd8 Kg6 37. Qg8+ Kh6 38. Rb6 Rxc3 39. bxc3 Qxc3 40.
Qxf7 1-0

[Event "44. Torneo Capablanca In Memoriam Open"]
[Site "La Habana CUB"]
[Date "2009.06.16"]
[Round "8.12"]
[White "Larduet Despaigne, Carlos A"]
[Black "Fernandez Garcia, Jose Luis"]
[Result "1/2-1/2"]
[WhiteElo "2326"]
[BlackElo "2457"]
[PlyCount "125"]
[EventDate "2009.06.08"]
[EventType "swiss"]
[EventRounds "9"]
[EventCountry "CUB"]
[Source "lmi"]
[SourceDate "2009.06.08"]

1. d4 Nf6 2. c4 g6 3. Nc3 d5 4. Nf3 Bg7 5. Bg5 Ne4 6. cxd5 Nxg5 7. Nxg5 O-O 8.
Nf3 c6 9. dxc6 Nxc6 10. e3 e5 11. dxe5 Nxe5 12. Be2 Nxf3+ 13. Bxf3 Qa5 14. O-O
Be6 15. Qe2 Rac8 16. Rad1 Bxc3 17. bxc3 b6 18. h4 h5 19. g4 hxg4 20. Bxg4 Bxg4
21. Qxg4 Rxc3 22. a4 Rfc8 23. Rd6 Qe5 24. Rfd1 Kg7 25. R6d5 Qf6 26. Rd6 R8c4
27. R6d4 Rxd4 28. Qxd4 Rc5 29. Kg2 Qxd4 30. Rxd4 Kf6 31. Kg3 Ke6 32. f4 f5 33.
Rb4 Rc3 34. Kf3 Ra3 35. Rd4 a5 36. Ke2 Ra2+ 37. Kd3 Ra3+ 38. Ke2 Rb3 39. Kd2 b5
40. axb5 Rxb5 41. Rc4 Kd5 42. Rc8 Ke4 43. Re8+ Kf3 44. Re6 Rd5+ 45. Kc3 Rd8 46.
Rxg6 Kxe3 47. h5 Rc8+ 48. Kb3 Kxf4 49. h6 Rh8 50. Kc3 a4 51. Kd2 Kf3 52. Ra6 f4
53. Ke1 Rh7 54. Kf1 Rb7 55. Kg1 Rb1+ 56. Kh2 Rb2+ 57. Kg1 Rg2+ 58. Kf1 Rh2 59.
Kg1 Rh5 60. Rxa4 Rxh6 61. Ra3+ Ke2 62. Ra2+ Ke1 63. Kg2 1/2-1/2

[Event "44. Torneo Capablanca In Memoriam Open"]
[Site "La Habana CUB"]
[Date "2009.06.16"]
[Round "8.14"]
[White "Margolin, Boris"]
[Black "Garcia Pantoja, Roberto"]
[Result "1/2-1/2"]
[WhiteElo "2436"]
[BlackElo "2369"]
[PlyCount "77"]
[EventDate "2009.06.08"]
[EventType "swiss"]
[EventRounds "9"]
[EventCountry "CUB"]
[Source "lmi"]
[SourceDate "2009.06.08"]

1. e4 e6 2. d4 d5 3. Nc3 Bb4 4. exd5 exd5 5. Bd3 Ne7 6. a3 Bxc3+ 7. bxc3 Bf5 8.
Rb1 b6 9. Nf3 Nbc6 10. c4 O-O 11. O-O Bxd3 12. Qxd3 dxc4 13. Qxc4 Na5 14. Qd3
Qd5 15. Re1 Ng6 16. a4 Qc4 17. Qxc4 Nxc4 18. Rb4 Nd6 19. Rb3 Rfd8 20. Be3 Rac8
21. h3 f6 22. Rc1 Nc4 23. Rc3 Nd6 24. Nd2 Nf5 25. Nb3 Nd6 26. Rd1 Ne7 27. d5 c6
28. dxc6 Nxc6 29. Bf4 Nf7 30. Rxd8+ Nfxd8 31. a5 bxa5 32. Nxa5 Ne7 33. Rd3 Ne6
34. Bd6 Kf7 35. Rb3 Nf5 36. Rb7+ Kg6 37. Bb8 Rxc2 38. Rxa7 Rb2 39. Bg3 1/2-1/2

[Event "44. Torneo Capablanca In Memoriam Open"]
[Site "La Habana CUB"]
[Date "2009.06.16"]
[Round "8.16"]
[White "Alarcon, Rolando"]
[Black "Guerra Mendez, Jose Angel"]
[Result "0-1"]
[WhiteElo "2367"]
[BlackElo "2420"]
[PlyCount "140"]
[EventDate "2009.06.08"]
[EventType "swiss"]
[EventRounds "9"]
[EventCountry "CUB"]
[Source "lmi"]
[SourceDate "2009.06.08"]

1. e4 e5 2. Nf3 Nc6 3. Bb5 a6 4. Bxc6 dxc6 5. O-O Bg4 6. h3 h5 7. Re1 Bxf3 8.
Qxf3 Qd7 9. d3 O-O-O 10. Be3 f6 11. Nd2 g5 12. Nf1 Qe6 13. Ng3 h4 14. Qf5 Kd7
15. Qxe6+ Kxe6 16. Ne2 c5 17. Red1 Rh7 18. Kf1 Rhd7 19. Nc3 b6 20. Nd5 Ne7 21.
Nxe7 Bxe7 22. Ke2 a5 23. Rd2 Rg8 24. f3 Rgd8 25. Rad1 Bd6 26. c3 Be7 27. a4 Bd6
28. Rc1 Be7 29. Rg1 Bf8 30. Rc1 Be7 31. Rcd1 Bd6 32. b3 Be7 33. d4 cxd4 34.
cxd4 exd4 35. Bxd4 Bd6 36. Rd3 Be5 37. Be3 Bf4 38. Rxd7 Rxd7 39. Rc1 Bxe3 40.
Kxe3 c5 41. Rf1 Rd4 42. Rc1 Ke5 43. Rc4 Rd1 44. Rc3 Re1+ 45. Kf2 Rb1 46. Rd3
Kf4 47. Rd6 Rb2+ 48. Kf1 Rxb3 49. Rxf6+ Ke3 50. g3 Rb1+ 51. Kg2 Rb2+ 52. Kg1 c4
53. Rc6 Kd4 54. gxh4 c3 55. hxg5 c2 56. g6 Rb1+ 57. Kf2 c1=Q 58. Rxc1 Rxc1 59.
h4 Ke5 60. h5 Kf6 61. Kg3 b5 62. axb5 a4 63. b6 Rc8 64. Kg4 a3 65. b7 Rb8 66.
e5+ Kxe5 67. Kg5 a2 68. f4+ Ke4 69. g7 a1=Q 70. h6 Rxb7 0-1

[Event "44. Torneo Capablanca In Memoriam Open"]
[Site "La Habana CUB"]
[Date "2009.06.16"]
[Round "8.18"]
[White "Pecorelli Garcia, Humberto"]
[Black "Clavijo, Jorge Mario"]
[Result "1/2-1/2"]
[WhiteElo "2399"]
[BlackElo "2365"]
[PlyCount "144"]
[EventDate "2009.06.08"]
[EventType "swiss"]
[EventRounds "9"]
[EventCountry "CUB"]
[Source "lmi"]
[SourceDate "2009.06.08"]

1. d4 Nf6 2. c4 g6 3. Nc3 Bg7 4. e4 d6 5. Bd3 O-O 6. Nge2 Nc6 7. O-O e5 8. d5
Nd4 9. Bg5 h6 10. Bh4 c5 11. dxc6 bxc6 12. Rc1 c5 13. Nxd4 cxd4 14. Nd5 g5 15.
Bg3 a5 16. b3 Bd7 17. f3 Nxd5 18. cxd5 Qb6 19. Qd2 Rfc8 20. Bc4 a4 21. h4 axb3
22. axb3 f6 23. Ra1 Bf8 24. Rfb1 Rcb8 25. Be1 Rxa1 26. Rxa1 Bb5 27. Bxb5 Qxb5
28. b4 Qc4 29. hxg5 hxg5 30. Qc1 Qe2 31. Ra7 Re8 32. Qd2 Qc4 33. Kh2 Re7 34.
Rxe7 Bxe7 35. Qb2 Bd8 36. Qa3 Bb6 37. b5 Qc7 38. Qa8+ Kf7 39. Qh8 Qd8 40. Qh7+
Ke8 41. Kg3 Qe7 42. Qg8+ Qf8 43. Qh7 Qf7 44. Qh8+ Qf8 45. Qh3 Qe7 46. Bb4 Kd8
47. Qh8+ Kc7 48. Qa8 Qd7 49. Ba5 Bxa5 50. Qxa5+ Kb8 51. b6 Qh7 52. Kf2 Qd7 53.
Ke1 g4 54. fxg4 Qh7 55. Kf2 Qd7 56. Kf3 Qh7 57. Qa4 Qb7 58. Qe8+ Qc8 59. Qc6
Qxc6 60. dxc6 Kc8 61. Ke2 Kb8 62. Kd3 Kc8 63. Kc4 Kb8 64. Kb4 Kc8 65. Ka4 Kb8
66. Kb3 Kc8 67. g3 Kb8 68. Kc4 Kc8 69. Kb4 Kb8 70. Ka4 Kc8 71. Kb3 Kb8 72. Kc4
Kc8 1/2-1/2

[Event "44. Torneo Capablanca In Memoriam Open"]
[Site "La Habana CUB"]
[Date "2009.06.16"]
[Round "8.19"]
[White "Espinosa Garcia, Sandra"]
[Black "Frometa Castillo, Zirka"]
[Result "1-0"]
[WhiteElo "2122"]
[BlackElo "2184"]
[PlyCount "72"]
[EventDate "2009.06.08"]
[EventType "swiss"]
[EventRounds "9"]
[EventCountry "CUB"]
[Source "lmi"]
[SourceDate "2009.06.08"]

1. d4 d5 2. c4 e6 3. cxd5 exd5 4. Nc3 Nf6 5. Bg5 Be7 6. e3 c6 7. Bd3 O-O 8. Qc2
Nbd7 9. Nf3 h6 10. Bf4 Re8 11. O-O Nf8 12. Ne5 Nh5 13. Qe2 Nxf4 14. exf4 Bd6
15. Qf3 Qh4 16. Rfe1 Bxe5 17. dxe5 Bg4 18. Qg3 Qxg3 19. hxg3 d4 20. Ne4 Bf5 21.
Nf6+ gxf6 22. Bxf5 fxe5 23. fxe5 Rad8 24. f4 Ne6 25. Kf2 Ng7 26. Bd3 b5 27.
Rac1 Rc8 28. f5 a6 29. f6 Nh5 30. Rc5 Rc7 31. Rh1 Rxe5 32. Rxe5 Nxf6 33. Rc5
Kg7 34. Bf5 Re7 35. Rd1 Nd5 36. Rxd4 Ne3 1-0

[Event "44. Torneo Capablanca In Memoriam Open"]
[Site "La Habana CUB"]
[Date "2009.06.16"]
[Round "8.20"]
[White "Guerra Tulcan, Lenin"]
[Black "Macias Murillo, Bryan"]
[Result "1/2-1/2"]
[WhiteElo "2343"]
[BlackElo "2299"]
[PlyCount "22"]
[EventDate "2009.06.08"]
[EventType "swiss"]
[EventRounds "9"]
[EventCountry "CUB"]
[Source "lmi"]
[SourceDate "2009.06.08"]

1. e4 c5 2. Nf3 d6 3. d4 cxd4 4. Nxd4 Nf6 5. Nc3 a6 6. Be2 e6 7. O-O Be7 8. a4
b6 9. f4 Bb7 10. Bf3 Nbd7 11. Nb3 O-O 1/2-1/2

[Event "44. Torneo Capablanca In Memoriam Open"]
[Site "La Habana CUB"]
[Date "2009.06.16"]
[Round "8.21"]
[White "Abreu Delgado, Aryam"]
[Black "Miranda Mesa, Elier"]
[Result "1/2-1/2"]
[WhiteElo "2487"]
[BlackElo "2321"]
[PlyCount "62"]
[EventDate "2009.06.08"]
[EventType "swiss"]
[EventRounds "9"]
[EventCountry "CUB"]
[Source "lmi"]
[SourceDate "2009.06.08"]

1. e4 c5 2. Nf3 e6 3. d4 cxd4 4. Nxd4 a6 5. c4 Nf6 6. Nc3 Bb4 7. Qf3 d6 8. Nc2
Bc5 9. b4 Ba7 10. Be3 Nc6 11. Bxa7 Rxa7 12. Rd1 b6 13. Qd3 Rd7 14. Be2 Bb7 15.
f4 O-O 16. O-O Qc7 17. a3 Rc8 18. Rc1 Ne7 19. Ne3 Qb8 20. f5 Nc6 21. Ng4 Nxg4
22. Bxg4 Ne5 23. Qh3 Nxg4 24. Qxg4 exf5 25. exf5 f6 26. Nd5 Bxd5 27. cxd5 Rxc1
28. Rxc1 Qe8 29. Qd4 Re7 30. Qc3 Kf8 31. Qc8 Re1+ 1/2-1/2

[Event "44. Torneo Capablanca In Memoriam Open"]
[Site "La Habana CUB"]
[Date "2009.06.16"]
[Round "8.22"]
[White "Pina Vega, Sulennis"]
[Black "Aguero, Luis Lazaro"]
[Result "1-0"]
[WhiteElo "2270"]
[BlackElo "2400"]
[PlyCount "105"]
[EventDate "2009.06.08"]
[EventType "swiss"]
[EventRounds "9"]
[EventCountry "CUB"]
[Source "lmi"]
[SourceDate "2009.06.08"]

1. e4 c6 2. Nc3 d5 3. Qf3 dxe4 4. Nxe4 Nd7 5. d4 Ngf6 6. Nc3 Nb6 7. Be3 Bg4 8.
Qg3 e6 9. Bd3 Bd6 10. Bf4 Bxf4 11. Qxf4 Nbd5 12. Nxd5 Qxd5 13. f3 Bh5 14. Ne2
Bg6 15. Nc3 Qa5 16. O-O-O O-O 17. Kb1 b5 18. Bxg6 hxg6 19. Qg5 Rfd8 20. Rd3 Rd7
21. Ne4 Qd8 22. Rhd1 Nxe4 23. Qxd8+ Raxd8 24. fxe4 f5 25. e5 g5 26. h3 Kf7 27.
c3 Kg6 28. Kc2 f4 29. a4 a6 30. a5 g4 31. hxg4 Kg5 32. b4 Rh8 33. g3 Rh2+ 34.
Kb3 fxg3 35. Rxg3 Rf7 36. c4 Rff2 37. cxb5 cxb5 38. Rc1 Kf4 39. Rgg1 Ke4 40.
Rgd1 Rb2+ 41. Kc3 Kd5 42. Rh1 Rhg2 43. Rh8 Rbf2 44. Rd8+ Ke4 45. Re1+ Kf4 46.
Rf8+ Kg3 47. Re3+ Kxg4 48. Rxf2 Rxf2 49. d5 exd5 50. e6 Rf8 51. Kd4 Kg5 52. e7
Re8 53. Kxd5 1-0

[Event "44. Torneo Capablanca In Memoriam Open"]
[Site "La Habana CUB"]
[Date "2009.06.16"]
[Round "8.23"]
[White "Ostos, Julio"]
[Black "Alonso Moyano, Jonathan"]
[Result "0-1"]
[WhiteElo "2316"]
[BlackElo "2266"]
[PlyCount "66"]
[EventDate "2009.06.08"]
[EventType "swiss"]
[EventRounds "9"]
[EventCountry "CUB"]
[Source "lmi"]
[SourceDate "2009.06.08"]

1. e4 c5 2. Nf3 d6 3. Nc3 Nf6 4. e5 dxe5 5. Nxe5 a6 6. a4 Nbd7 7. Nc4 b6 8. Be2
Bb7 9. Bf3 Qc7 10. d3 e6 11. g3 Rc8 12. Ne4 Nd5 13. O-O h6 14. Bg2 Be7 15. Qg4
g6 16. Re1 Kf8 17. b3 Rh7 18. Bb2 b5 19. axb5 axb5 20. Ne3 Nb4 21. Ra7 Nc6 22.
Raa1 Nde5 23. Qd1 Nd4 24. Ra7 Nec6 25. Ra1 Rd8 26. c3 Nf5 27. Ng4 Qb6 28. Ngf6
Rh8 29. g4 Nh4 30. Bh1 Kg7 31. g5 hxg5 32. Qe2 Bxf6 33. Nxf6 Kxf6 0-1

[Event "44. Torneo Capablanca In Memoriam Open"]
[Site "La Habana CUB"]
[Date "2009.06.16"]
[Round "8.28"]
[White "Diaz Ordoñez, Ciro"]
[Black "Lucena Da Silva, Lincoln"]
[Result "1-0"]
[WhiteElo "2347"]
[BlackElo "2206"]
[PlyCount "94"]
[EventDate "2009.06.08"]
[EventType "swiss"]
[EventRounds "9"]
[EventCountry "CUB"]
[Source "lmi"]
[SourceDate "2009.06.08"]

1. e4 e5 2. Nf3 d6 3. d4 exd4 4. Nxd4 Nf6 5. Nc3 Be7 6. g3 O-O 7. Bg2 c6 8. O-O
a5 9. h3 Na6 10. g4 g6 11. Nde2 h5 12. g5 Nh7 13. f4 Nc5 14. Be3 Re8 15. Qd2
Bf8 16. Rad1 Qc7 17. f5 Nd7 18. Nf4 Ne5 19. Bd4 Bg7 20. Bxe5 dxe5 21. fxg6 fxg6
22. Nxg6 Be6 23. Nh4 Qe7 24. Nf3 Rad8 25. Qe3 Nf8 26. Ne2 Ng6 27. Ng3 Nf4 28.
Nf5 Qf8 29. Nxg7 Qxg7 30. Kh2 Bxa2 31. b3 a4 32. Rxd8 Rxd8 33. Qb6 Ra8 34. bxa4
Bc4 35. Rd1 Be2 36. Rd8+ Rxd8 37. Qxd8+ Qf8 38. Qxf8+ Kxf8 39. Nxe5 Bd1 40. a5
Ke7 41. c3 Ke6 42. Nxc6 Nxg2 43. Kxg2 bxc6 44. a6 Bc2 45. Kf3 Ke5 46. a7 Bxe4+
47. Ke3 c5 1-0

[Event "44. Torneo Capablanca In Memoriam Open"]
[Site "La Habana CUB"]
[Date "2009.06.16"]
[Round "8.31"]
[White "Miranda Llanes, Yerisbel"]
[Black "Obregon Rivero, Juan"]
[Result "1/2-1/2"]
[WhiteElo "2196"]
[BlackElo "2309"]
[PlyCount "209"]
[EventDate "2009.06.08"]
[EventType "swiss"]
[EventRounds "9"]
[EventCountry "CUB"]
[Source "lmi"]
[SourceDate "2009.06.08"]

1. d4 d5 2. Nf3 Nf6 3. c4 c6 4. Nc3 e6 5. cxd5 exd5 6. Bg5 Be7 7. e3 Nbd7 8.
Qc2 O-O 9. Bd3 Re8 10. O-O Nf8 11. Rae1 Ne4 12. Bxe7 Qxe7 13. Bxe4 dxe4 14. Nd2
f5 15. f3 exf3 16. Nxf3 Ng6 17. e4 fxe4 18. Rxe4 Be6 19. Rfe1 Qd7 20. Ng5 Bc4
21. b3 Bd5 22. Nxd5 cxd5 23. Re6 Rxe6 24. Rxe6 Nf8 25. Re5 Ng6 26. Qf5 Qxf5 27.
Rxf5 Ne7 28. Re5 Re8 29. Nh3 Kf7 30. Kf2 h6 31. Nf4 Rc8 32. Nd3 b6 33. Ke1 a5
34. Kd2 g6 35. g4 Re8 36. h4 Rd8 37. Nf4 Rd6 38. Ke3 b5 39. a4 b4 40. Kd3 Rd8
41. Ke3 Rd7 42. Kd3 Rd6 43. Ke3 Kf6 44. Kd3 g5 45. hxg5+ hxg5 46. Nh5+ Kf7 47.
Rxg5 Rc6 48. Nf4 Rc3+ 49. Kd2 Rxb3 50. Nxd5 Nc6 51. Rf5+ Kg7 52. Nb6 Rg3 53.
Rc5 Nxd4 54. Rc7+ Kf6 55. Nd5+ Ke5 56. Ne3 b3 57. Rb7 Rh3 58. Nf5 Nc6 59. Ne3
Nb4 60. Nc4+ Kd4 61. Nxa5 Rh2+ 62. Kd1 Kc3 63. Rc7+ Kd3 64. Rd7+ Kc3 65. Rc7+
Kb2 66. Rb7 Ka3 67. Nxb3 Kxb3 68. a5 Ra2 69. a6 Rxa6 70. Ke2 Kc4 71. Kf3 Nd5
72. Ke4 Ra1 73. g5 Rg1 74. Kf5 Kd4 75. Ra7 Kc5 76. Ra6 Nc7 77. Ra7 Kd6 78. g6
Rf1+ 79. Kg5 Ne6+ 80. Kh5 Rh1+ 81. Kg4 Ke5 82. Rf7 Rg1+ 83. Kf3 Rxg6 84. Ra7
Nd4+ 85. Kf2 Rf6+ 86. Ke3 Rf3+ 87. Kd2 Ne6 88. Ra5+ Ke4 89. Ra7 Rd3+ 90. Ke2
Nf4+ 91. Kf2 Rd2+ 92. Ke1 Rd3 93. Kf2 Rf3+ 94. Ke1 Ke3 95. Re7+ Kd4 96. Rd7+
Nd5 97. Rd8 Ke4 98. Re8+ Kd3 99. Rd8 Rf5 100. Rd6 Rh5 101. Rd8 Re5+ 102. Kf2
Ke4 103. Ra8 Rf5+ 104. Ke2 Nc3+ 105. Kd2 1/2-1/2

[Event "44. Torneo Capablanca In Memoriam Open"]
[Site "La Habana CUB"]
[Date "2009.06.16"]
[Round "8.32"]
[White "Ordaz Valdes, Lisandra"]
[Black "Perez Rodriguez, Jennifer"]
[Result "1/2-1/2"]
[WhiteElo "2296"]
[BlackElo "2080"]
[PlyCount "54"]
[EventDate "2009.06.08"]
[EventType "swiss"]
[EventRounds "9"]
[EventCountry "CUB"]
[Source "lmi"]
[SourceDate "2009.06.08"]

1. c4 Nf6 2. Nc3 e6 3. e4 d5 4. e5 d4 5. exf6 dxc3 6. bxc3 Qxf6 7. d4 c5 8. Nf3
cxd4 9. cxd4 Bb4+ 10. Bd2 Bxd2+ 11. Qxd2 O-O 12. Be2 Nc6 13. O-O Rd8 14. Qe3 b6
15. Rfd1 Ba6 16. Rac1 Rac8 17. Qa3 Bb7 18. Bf1 Rd7 19. Qa4 Rcd8 20. Ne5 Nxe5
21. dxe5 Qe7 22. Rxd7 Rxd7 23. c5 bxc5 24. Rxc5 g6 25. Qc2 Qg5 26. Rc7 Qd8 27.
Rxd7 Qxd7 1/2-1/2

[Event "44. Torneo Capablanca In Memoriam Open"]
[Site "La Habana CUB"]
[Date "2009.06.16"]
[Round "8.33"]
[White "Hernandez Moya, Yuleisis"]
[Black "Ortiz, Nadya Karolina"]
[Result "1/2-1/2"]
[WhiteElo "2104"]
[BlackElo "2248"]
[PlyCount "38"]
[EventDate "2009.06.08"]
[EventType "swiss"]
[EventRounds "9"]
[EventCountry "CUB"]
[Source "lmi"]
[SourceDate "2009.06.08"]

1. d4 Nf6 2. Nf3 g6 3. Bg5 Bg7 4. Nbd2 d5 5. e3 c5 6. c3 Nbd7 7. Bd3 O-O 8. O-O
Qb6 9. Qb3 Qa5 10. Qd1 e5 11. Nxe5 Nxe5 12. dxe5 Ng4 13. Be7 Bxe5 14. Bxf8
Bxh2+ 15. Kh1 Qd8 16. Be2 Qh4 17. Nf3 Qh5 18. Be7 Bg3+ 19. Kg1 Bxf2+ 1/2-1/2

[Event "44. Torneo Capablanca In Memoriam Open"]
[Site "La Habana CUB"]
[Date "2009.06.16"]
[Round "8.34"]
[White "Vigoa Apecheche, Yanira"]
[Black "Gutierrez, Leonela"]
[Result "1-0"]
[WhiteElo "2244"]
[BlackElo "1899"]
[PlyCount "33"]
[EventDate "2009.06.08"]
[EventType "swiss"]
[EventRounds "9"]
[EventCountry "CUB"]
[Source "lmi"]
[SourceDate "2009.06.08"]

1. e4 c5 2. Nc3 d6 3. f4 g6 4. Bc4 Bg7 5. Nf3 e6 6. f5 exf5 7. d3 Ne7 8. O-O
O-O 9. Qe1 Nbc6 10. Qh4 a6 11. a4 Qc7 12. Bh6 Ne5 13. Ng5 Nxc4 14. Bxg7 Kxg7
15. Qxh7+ Kf6 16. Qh6 Re8 17. e5+ 1-0